000 00956nam a2200253 a 4500
001 40568
003 BD-RjUL
005 20211209053236.0
008 160504s1966 bg ||||| |||| 00| 0 ben d
020 _c: Tk.20.50
035 _a(BD-RjUL)40683
040 _aBD-RjUL
_bben
_cBD-RjUL
041 _aben
082 _223
_a110
_bDET 1966
100 _aদেব, গোবিন্দচন্দ্র
_9120433
245 1 0 _aতত্ত্ববিদ্যা-সার /
_cগোবিন্দচন্দ্র দেব
260 _aঢাকা :
_bবাংলা একাডেমী,
_c১৯৬৬.
300 _a[৭], [ছ],৩৫৯ [৭] পৃ. ;
_c২১ সেমি.
500 _aনির্ঘন্ট সংযুক্ত
504 _aগ্রন্থপঞ্জি ও পরিভাষা সংযুক্ত
650 _aঅধিবিদ্যা
_9120434
650 _aMetaphysics
_9120435
942 _2ddc
_cBK
_03
999 _c40568
_d40568